000 00652nam a2200229Ia 4500
003 OSt
005 20220918105802.0
006 a|||||r|||| 00| 0
007 ta
008 220915b |||||||| |||| 00| 0 eng d
024 _a228550
037 _cReference Collections
040 _aARTS
_cARTS
_beng
041 _2eng
_aeng
082 _aV281:71.N, P3(RR)
100 _aBhatnagar A.P.
_93958
245 0 _aDelhi and its fort palace
_b A historical preview
260 _aDelhi
_bShubhi pub.
_c2003
300 _axxii, 186p
942 _hV281:71.N, P3(RR)
_cREF
999 _c109463
_d109463